<?xml version="1.0" encoding="utf-8"?>
<?xml-stylesheet type='text/xsl' href='./oai2.xsl'?>
<OAI-PMH xmlns="http://www.openarchives.org/OAI/2.0/" xmlns:xsi="http://www.w3.org/2001/XMLSchema-instance" xsi:schemaLocation="http://www.openarchives.org/OAI/2.0/ http://www.openarchives.org/OAI/2.0/OAI-PMH.xsd">
  <responseDate>2026-04-29T18:10:16Z</responseDate>
  <request verb="GetRecord" metadataPrefix="marcxml" identifier="isil_DE-MUS-071012_11161">https://kulturerbe.niedersachsen.de/oai</request>
  <GetRecord>
    <record>
      <header>
        <identifier>isil_DE-MUS-071012_11161</identifier>
        <datestamp>2015-11-03T05:32:06Z</datestamp>
        <setSpec>slg0156</setSpec>
      </header>
      <metadata>
        <marc:record xmlns:marc="http://www.loc.gov/MARC21/slim" xsi:schemaLocation="http://www.loc.gov/MARC21/slim http://www.loc.gov/standards/marcxml/schema/MARC21slim.xsd">
          <marc:leader>12345nkm  22     uu 4500</marc:leader>
          <marc:controlfield tag="001">2700</marc:controlfield>
          <marc:controlfield tag="005">2015-07-27T11:41:00</marc:controlfield>
          <marc:controlfield tag="008">|           ||||||||||||||||||||||</marc:controlfield>
          <marc:datafield tag="245" ind1="1" ind2="0">
            <marc:subfield code="a">"A. D. Scheer - H. F. Hollmann" Doppelporträt</marc:subfield>
          </marc:datafield>
          <marc:datafield tag="655" ind1=" " ind2="7">
            <marc:subfield code="a">Grafik</marc:subfield>
          </marc:datafield>
          <marc:datafield tag="046" ind1=" " ind2=" ">
            <marc:subfield code="k">1818</marc:subfield>
            <marc:subfield code="k">1818</marc:subfield>
            <marc:subfield code="l">1818</marc:subfield>
          </marc:datafield>
          <marc:datafield tag="260" ind1=" " ind2=" ">
            <marc:subfield code="g">1818</marc:subfield>
            <marc:subfield code="g">1818</marc:subfield>
            <marc:subfield code="g">1818</marc:subfield>
          </marc:datafield>
          <marc:datafield tag="300" ind1=" " ind2=" ">
            <marc:subfield code="a">Höhe: 31,3 cm (Blatt)
Breite: 31,5 cm (Blatt)</marc:subfield>
          </marc:datafield>
          <marc:datafield tag="520" ind1=" " ind2=" ">
            <marc:subfield code="a">Doppelporträt des A.D. Scheer und Hermann Friedrich Hollmann. Beide sitzen an einem Tisch auf dem eine Karte des Nahen Osten liegt. Scheer deutet mit dem Zeigefinger seiner rechten Hand auf die Stadt Taes. Den Hintergrund nimmt ein Vorhangmotiv ein. Im linken Bereich wird der Blick auf einen Bücherschrank freigegeben. Bildunterschrift: "A. D. Scheer - H. E. Hollmann. DEM ANDENKEN DES U.I. SEETZEN, U. I. G. TIARKS. VERLEGT VON GARLICH UND BIERWEILER. IEVER 1818". Auf der Kante des Tisches ist die Künstlersignatur "Bierweiler pinx." wiedergegeben.

Hersteller: 
Bierweiler, Friedrich Christiaan (1781- nach 1831) (Hersteller) / Garlichs und Bierweiler (Edition und Drucker)</marc:subfield>
          </marc:datafield>
          <marc:datafield tag="773" ind1="0" ind2=" ">
            <marc:subfield code="t">Populärer Wandbildschmuck - Druckgrafik aus dem 17. bis 20. Jahrhundert</marc:subfield>
          </marc:datafield>
          <marc:datafield tag="852" ind1=" " ind2=" ">
            <marc:subfield code="a">Schlossmuseum Jever</marc:subfield>
          </marc:datafield>
          <marc:datafield tag="852" ind1=" " ind2=" ">
            <marc:subfield code="a">Jever</marc:subfield>
          </marc:datafield>
          <marc:datafield tag="" ind1=" " ind2=" ">
            <marc:subfield code="a">Rechte vorbehalten – Freier Zugang</marc:subfield>
          </marc:datafield>
        </marc:record>
      </metadata>
    </record>
  </GetRecord>
</OAI-PMH>
